000 00528nam a22001697a 4500
005 20260327114112.0
008 260327b |||||||| |||| 00| 0 eng d
020 _a978-81-203-4797-7
050 _aQD251.3 .G43 2014
100 _aGHATAK K.L
245 _aA TEXTBOOK OF ORGANIC CHEMISTRY AND PROBLEM ANALYSIS
260 _aNEW DELHI
_bPHI LEARNING PRIVATE LIMITED
_c2014
300 _aX,1304
500 _aINCLUDES AN INDEX
650 _aOrganic chemistry textbooks-Organic compounds -study and teaching
942 _2lcc
_cBK
999 _c216880
_d216880